00743nam a2200241Ia 4500003000400000005001700004008004100021020001400062040000700076041001200083082001700095100002200112245002600134260004000160300003000200365001300230650002200243650003000265906002500295942001200320999001900332952015000351OSt20250721173523.0210423s2005 xx 000 0 und d a812123540 cAL aEnglish a070.9 bMUNH aMuniruddin977185 aHistory of journalism aNew DelhibAnmol Publicationsc2005 avii,357p.bPBc21.5x14cm, b250cINR aJournalism977186 aJournalism & Media977187 aHistory ; journalism 2ddccBK c155738d155738 00102ddc40708MAJMCaSACPGbSACPGd2008-09-07eAthulya Booksg250.00l1o070.9 MUNHpPG002210r2023-10-19 00:00:00s2023-10-07w2021-04-26yBK